[Event "Tournoi Skype 014B"]
[Site "Skype"]
[Date "????.??.??"]
[Round "4.3"]
[White "Tamditi, Ibrahim"]
[Black "Kruzeniski, Randy"]
[Result "0-1"]
[WhiteElo "1333"]
[BlackElo "1436"]
[PlyCount "30"]

1. e4 c5 2. e5 Nc6 3. Nf3 b6 4. Bb5 Bb7 5. Bxc6 Bxc6 6. O-O Qc7 7. d4 cxd4 8.
Qxd4 O-O-O 9. Nc3 e6 10. Bg5 f6 11. exf6 Bc5 12. fxg7 Bxd4 13. Bxd8 Qxd8 14.
Nxd4 Qg5 15. gxh8=Q Qxg2# 0-1

[Event "Tournoi Skype 014B"]
[Site "Skype"]
[Date "????.??.??"]
[Round "4.4"]
[White "Bendre, Pankaj"]
[Black "Porcabeuf, Jean-Marc"]
[Result "1-0"]
[WhiteElo "1399"]
[BlackElo "1328"]
[PlyCount "31"]

1. e4 e6 2. d4 d5 3. Nc3 c5 4. Be3 Ne7 5. Nf3 Ng6 6. dxc5 Nd7 7. Bb5 Qc7 8.
exd5 exd5 9. Nxd5 Qa5+ 10. Nc3 Be7 11. O-O O-O 12. Bxd7 Bxd7 13. Qxd7 Bxc5 14.
Bxc5 Qxc5 15. Qd1 Qg5 16. Nxg5 1-0

[Event "Tournoi Skype 014B"]
[Site "Skype"]
[Date "????.??.??"]
[Round "4.5"]
[White "Capdeville, Jean"]
[Black "Cossalter, Maurizio"]
[Result "0-1"]
[WhiteElo "1353"]
[BlackElo "1459"]
[PlyCount "132"]

1. e4 c5 2. c4 Nc6 3. Nf3 d6 4. d4 cxd4 5. Nxd4 e6 6. Nxc6 bxc6 7. Be2 Be7 8.
Nd2 Nf6 9. Bd3 e5 10. h3 O-O 11. Nf3 a5 12. a4 Ba6 13. Be3 c5 14. O-O Bb7 15.
b3 Bxe4 16. Bxe4 Nxe4 17. Qd3 Nf6 18. Rab1 e4 19. Qe2 exf3 20. Qxf3 Re8 21.
Rfd1 Qc7 22. Bf4 Bf8 23. Re1 Rab8 24. Rxe8 Rxe8 25. Kf1 Qd7 26. Re1 Rxe1+ 27.
Kxe1 Qf5 28. Bd2 Qb1+ 29. Ke2 Qc2 30. Qc3 Qe4+ 31. Kf1 Qa8 32. Qxa5 Qxa5 33.
Bxa5 Ne4 34. Ke2 Be7 35. Ke3 f5 36. g4 g6 37. Kf4 Nxf2 38. gxf5 Nd3+ 39. Kg4
gxf5+ 40. Kxf5 Nb4 41. Bxb4 cxb4 42. a5 Bd8 43. a6 Bb6 44. h4 Kf7 45. h5 h6 46.
Kf4 Kf6 47. Kg4 Ke5 48. Kf3 Kf5 49. Kg3 Kg5 50. Kf3 Kxh5 51. Ke4 Kg6 52. Kd5
Bc5 53. a7 Bxa7 54. Kxd6 h5 55. c5 Bxc5+ 56. Kxc5 h4 57. Kxb4 h3 58. Kc5 h2 59.
b4 h1=Q 60. b5 Qc1+ 61. Kb6 Qc4 62. Ka5 Qc8 63. b6 Qb8 64. Ka6 Kf6 65. b7 Ke6
66. Kb6 Kd6 0-1

[Event "Tournoi Skype 014B"]
[Site "Skype"]
[Date "????.??.??"]
[Round "4.6"]
[White "De Coninck, Philippe"]
[Black "Rugman, Dan"]
[Result "1-0"]
[WhiteElo "1452"]
[BlackElo "1340"]
[PlyCount "105"]

1. e4 c5 2. Nf3 d6 3. d4 cxd4 4. Nxd4 Nf6 5. Nc3 a6 6. Be2 e6 7. Be3 Be7 8. O-O
O-O 9. Qd2 b5 10. a3 Bb7 11. f3 Nc6 12. Rad1 Nxd4 13. Bxd4 Qc7 14. Bxf6 Bxf6
15. Qxd6 Qxd6 16. Rxd6 Bxc3 17. bxc3 Rac8 18. Rd7 Bc6 19. Ra7 Ra8 20. Rxa8 Rxa8
21. c4 g6 22. Rd1 Kg7 23. Rd6 Rc8 24. Bd3 bxc4 25. Bxc4 Bb5 26. Bb3 Kf6 27. f4
Ke7 28. e5 Re8 29. c4 Bd7 30. Rxa6 Rb8 31. Ba4 Bxa4 32. Rxa4 Rb1+ 33. Kf2 Rb2+
34. Kf3 Rb3+ 35. Kf2 Rb2+ 36. Kf1 Rb1+ 37. Kf2 Rb2+ 38. Kg3 Rb3+ 39. Kg4 h6 40.
Ra7+ Kf8 41. c5 Rc3 42. Ra5 Rc4 43. h4 Ke7 44. Ra7+ Kf8 45. Rc7 Ke8 46. c6 Ra4
47. Rc8+ Ke7 48. c7 Rc4 49. a4 Kd7 50. Rf8 Rxc7 51. Rxf7+ Kd8 52. Rxc7 Kxc7 53.
Kf3 1-0

[Event "Tournoi Skype 014B"]
[Site "Skype"]
[Date "????.??.??"]
[Round "4.8"]
[White "Vincent, Andre"]
[Black "Kayali, Furkan"]
[Result "1-0"]
[WhiteElo "1353"]
[BlackElo "1424"]
[PlyCount "99"]

1. d4 d5 2. c4 e5 3. dxe5 Bb4+ 4. Nc3 d4 5. a3 Qe7 6. Nf3 Bxc3+ 7. bxc3 dxc3 8.
Bf4 Bf5 9. Nd4 Bg6 10. e3 c5 11. Qa4+ Qd7 12. Qxd7+ Nxd7 13. Nb5 Rd8 14. Nxc3
f6 15. e6 Nb6 16. Bc7 Rc8 17. Bxb6 axb6 18. Nb5 Bf5 19. Nd6+ Kf8 20. Nxc8 Bxe6
21. Nxb6 Ne7 22. Be2 Kf7 23. O-O Rd8 24. Rfe1 Rd6 25. Na4 b6 26. Red1 Rxd1+ 27.
Rxd1 Nc8 28. f4 g6 29. Kf2 Ke7 30. e4 Kf7 31. g4 h6 32. f5 gxf5 33. gxf5 Bxf5
34. exf5 Ke7 35. Bg4 Kf7 36. Rd8 Ne7 37. Nxb6 Ng8 38. Bh5+ Kg7 39. Bg6 Ne7 40.
Nd7 Nxg6 41. fxg6 Kxg6 42. Nxc5 Kg7 43. a4 Kg6 44. a5 Kg7 45. a6 Kg6 46. a7 Kg7
47. Rd7+ Kg6 48. a8=Q Kg5 49. Qf3 Kg6 50. Qg4# 1-0

[Event "Tournoi Skype 014B"]
[Site "Skype"]
[Date "????.??.??"]
[Round "4.9"]
[White "Gharbi, Said"]
[Black "Milanese, Serge"]
[Result "1-0"]
[WhiteElo "1339"]
[BlackElo "1424"]
[PlyCount "25"]

1. e4 e5 2. d4 Nc6 3. d5 Nd4 4. c3 Bc5 5. cxd4 Bxd4 6. Nf3 Nf6 7. Nxd4 Nxe4 8.
Nf5 Qf6 9. Qg4 d6 10. Nxg7+ Kf8 11. Qxe4 Qxg7 12. Qh4 h6 13. Qd8# 1-0

[Event "Tournoi Skype 014B"]
[Site "Skype"]
[Date "????.??.??"]
[Round "4.10"]
[White "Martin, Jean-Claude"]
[Black "Perrone, Gabriel Lorenzo"]
[Result "0-1"]
[WhiteElo "1333"]
[BlackElo "1408"]
[PlyCount "68"]

1. d4 d5 2. c4 e6 3. Nc3 Nf6 4. Nf3 b6 5. Bg5 Bb7 6. e3 Be7 7. Bd3 Nbd7 8. O-O
c5 9. b3 O-O 10. Re1 h6 11. Bh4 g5 12. Bg3 Nh5 13. Be5 f6 14. Nd2 Qe8 15. g4
Ng7 16. Bg3 h5 17. h3 Qf7 18. dxc5 bxc5 19. Qc2 f5 20. f3 Ne8 21. gxf5 exf5 22.
cxd5 Ndf6 23. Bxf5 Nxd5 24. Bg6 Qe6 25. Nxd5 Bxd5 26. Bh7+ Kh8 27. Be5+ Bf6 28.
Bxf6+ Rxf6 29. Be4 Rd8 30. Bxd5 Rxd5 31. Kg2 g4 32. Rh1 Qxe3 33. Rae1 Rxd2+ 34.
Kf1 Qf2# 0-1

[Event "Tournoi Skype 014B"]
[Site "Skype"]
[Date "????.??.??"]
[Round "4.11"]
[White "Farthouat, Titoine"]
[Black "Steenkamp, Brandt"]
[Result "0-1"]
[WhiteElo "1254"]
[BlackElo "1403"]
[PlyCount "48"]

1. e4 e6 2. d4 d5 3. e5 c5 4. Bb5+ Bd7 5. Bxd7+ Nxd7 6. c3 cxd4 7. cxd4 f6 8.
f4 fxe5 9. fxe5 Bb4+ 10. Bd2 Qh4+ 11. g3 Qe4+ 12. Qe2 Qxh1 13. Qf2 Bxd2+ 14.
Nxd2 Rc8 15. Ke2 Nh6 16. Rb1 Ng4 17. Qf4 Qxh2+ 18. Kd3 Qh5 19. Ndf3 Qg6+ 20.
Ke2 Rc2+ 21. Ke1 Rf8 22. Qxf8+ Nxf8 23. Nh4 Qe4+ 24. Kf1 Rf2# 0-1

[Event "Tournoi Skype 014B"]
[Site "Skype"]
[Date "????.??.??"]
[Round "4.12"]
[White "Hargez, Dany"]
[Black "Yeter, Orhan"]
[Result "0-1"]
[WhiteElo "1401"]
[BlackElo "1332"]
[PlyCount "72"]

1. e4 e6 2. d4 d5 3. e5 c5 4. Nf3 Qb6 5. Nc3 Nh6 6. Bb5+ Bd7 7. Bxd7+ Nxd7 8.
O-O Nf5 9. Ne2 cxd4 10. Nfxd4 Nxd4 11. Nxd4 Nxe5 12. Be3 Bc5 13. b3 O-O 14. f4
Nd7 15. c3 Rac8 16. Rf3 e5 17. Nf5 Bxe3+ 18. Nxe3 exf4 19. Qd4 fxe3 20. Rxe3
Qxd4 21. cxd4 Rfe8 22. Rae1 Rxe3 23. Rxe3 Nf6 24. h3 Re8 25. Re5 Rxe5 26. dxe5
Nd7 27. Kf2 Nxe5 28. Ke3 Nc6 29. a3 d4+ 30. Kd3 Kf8 31. Kc4 Ke7 32. b4 a6 33.
Kd5 d3 34. b5 axb5 35. Kc5 d2 36. Kxb5 d1=Q 0-1

[Event "Tournoi Skype 014B"]
[Site "Skype"]
[Date "????.??.??"]
[Round "4.13"]
[White "Sauvaget, Joel"]
[Black "Douichi, Mohammed"]
[Result "1-0"]
[WhiteElo "1394"]
[BlackElo "1250"]
[PlyCount "69"]

1. e4 e5 2. Bc4 Qh4 3. d3 Bc5 4. Qe2 Nh6 5. Nf3 Qg4 6. O-O Bd4 7. c3 Bc5 8. Be3
d6 9. Bxc5 dxc5 10. Qe3 b6 11. Nxe5 Qd7 12. Nxd7 Bxd7 13. Qf4 Na6 14. Bxa6 c6
15. Nd2 O-O 16. Nf3 Be6 17. Bc4 Bxc4 18. dxc4 Rad8 19. Rae1 a5 20. Qc1 a4 21.
a3 f6 22. Rd1 Rb8 23. Rd6 Rbc8 24. Rfd1 Nf7 25. Rd7 b5 26. cxb5 cxb5 27. Rb7 b4
28. axb4 c4 29. Ra7 Rfe8 30. Rdd7 Rxe4 31. Rxf7 g6 32. Rg7+ Kf8 33. Qh6 Rd4 34.
Rge7+ Kg8 35. Qg7# 1-0

[Event "Tournoi Skype 014B"]
[Site "Skype"]
[Date "????.??.??"]
[Round "4.14"]
[White "Vello, Pablo"]
[Black "Bilsel, Sebahittin"]
[Result "0-1"]
[WhiteElo "1393"]
[BlackElo "1200"]
[PlyCount "46"]

1. d4 d5 2. c4 Nf6 3. Nc3 c6 4. a3 Bf5 5. Nf3 e6 6. e3 c5 7. cxd5 cxd4 8. exd4
exd5 9. Bb5+ Nc6 10. Ne5 Rc8 11. Qa4 Qc7 12. O-O Bd6 13. Re1 O-O 14. Bg5 a6 15.
Bxf6 gxf6 16. Nxc6 Bxh2+ 17. Kf1 bxc6 18. Bc4 dxc4 19. Qxc4 a5 20. g3 Bh3+ 21.
Ke2 Rfe8+ 22. Kf3 Qd7 23. Qd3 Qg4# 0-1

[Event "Tournoi Skype 014B"]
[Site "Skype"]
[Date "????.??.??"]
[Round "4.15"]
[White "Hague, Mark"]
[Black "Rodriguez, Nathalie"]
[Result "1-0"]
[WhiteElo "1367"]
[BlackElo "1199"]
[PlyCount "77"]

1. d4 d5 2. e3 a6 3. Bd3 Nf6 4. Nd2 Nc6 5. c3 Bg4 6. Qc2 e6 7. Ngf3 Bxf3 8.
Nxf3 Bd6 9. O-O O-O 10. Re1 Ne7 11. e4 dxe4 12. Bxe4 Nxe4 13. Rxe4 Nf5 14. Rg4
h6 15. d5 Qf6 16. Bf4 exd5 17. Bxd6 cxd6 18. Rf4 g6 19. Nd4 Qg5 20. g3 Ng7 21.
Re1 Nh5 22. Rf3 f5 23. Ne6 Qf6 24. Nxf8 Rxf8 25. g4 Ng7 26. gxf5 gxf5 27. Rg3
Kh8 28. Rge3 Qg6+ 29. Rg3 Qf7 30. Kh1 Nh5 31. Rh3 Kh7 32. Rg1 Ng7 33. Rhg3 Rg8
34. Qd2 b5 35. Rh3 h5 36. Qg5 a5 37. Re3 a4 38. Re7 Qf8 39. Qg6+ 1-0

[Event "Tournoi Skype 014B"]
[Site "Skype"]
[Date "????.??.??"]
[Round "4.16"]
[White "Dubois, Real"]
[Black "Vervoort, Jean-Louis"]
[Result "0-1"]
[WhiteElo "1420"]
[BlackElo "1292"]
[PlyCount "76"]

1. e4 e5 2. Nf3 Nc6 3. d3 Nf6 4. Bg5 Be7 5. Be2 O-O 6. O-O d6 7. Nc3 Bg4 8. h3
Bxf3 9. Bxf3 a6 10. Re1 Nd4 11. Bxf6 Bxf6 12. Nd5 c6 13. Nxf6+ Qxf6 14. Be2
Rad8 15. Bf1 d5 16. c3 Ne6 17. exd5 Rxd5 18. Qe2 Rfd8 19. Rad1 Nf4 20. Qe4 R8d6
21. g3 Ne6 22. c4 Ra5 23. a3 Nd4 24. Rd2 Nf3+ 25. Kg2 Nxd2 26. Qe3 Nxf1 27.
Kxf1 Qd8 28. Rd1 b5 29. c5 Rd5 30. d4 exd4 31. Rxd4 Rxd4 32. Qc3 Raa4 33. Kg2
Qd5+ 34. Kh2 Rac4 35. Qa5 Rd1 36. g4 Qh1+ 37. Kg3 Rg1+ 38. Kh4 Rcxg4+ 0-1

[Event "Tournoi Skype 014B"]
[Site "Skype"]
[Date "????.??.??"]
[Round "4.17"]
[White "Gerbaux, Regis"]
[Black "Paquay, Renaud"]
[Result "1-0"]
[WhiteElo "1403"]
[BlackElo "1135"]
[PlyCount "73"]

1. e4 c6 2. d4 d5 3. Nc3 dxe4 4. Nxe4 Bf5 5. Ng3 Bg6 6. h4 h5 7. Nf3 e6 8. Ne5
Ne7 9. Qf3 f6 10. Nxg6 Nxg6 11. Bd3 f5 12. c3 Bd6 13. Bg5 Be7 14. Qe3 Bxg5 15.
hxg5 Qd6 16. Bxf5 Nf4 17. Rg1 Rf8 18. Ne4 Qd5 19. Qxf4 exf5 20. c4 Qa5+ 21. Nc3
Nd7 22. g6 O-O-O 23. O-O-O Nb6 24. c5 Nc4 25. Kc2 Qb4 26. Rb1 Rd7 27. a3 Qa5
28. Rgd1 Rfd8 29. Qxf5 Kb8 30. Qf4+ Ka8 31. f3 a6 32. d5 cxd5 33. Nxd5 Qa4+ 34.
Kc3 Rxd5 35. Rxd5 Rxd5 36. Qxc4 Qa5+ 37. Qb4 1-0

[Event "Tournoi Skype 014B"]
[Site "Skype"]
[Date "????.??.??"]
[Round "4.18"]
[White "Armingaud, Jean-Claude"]
[Black "Coruble, Didier"]
[Result "1-0"]
[WhiteElo "1135"]
[BlackElo "1329"]
[PlyCount "86"]

1. e4 Nc6 2. Nf3 e5 3. d3 Nf6 4. Bg5 h6 5. Bxf6 Qxf6 6. c3 b5 7. d4 d6 8. Bxb5
Bd7 9. O-O a6 10. Bc4 Be7 11. Bd5 Rb8 12. b3 O-O 13. Bc4 Bc8 14. d5 Bg4 15.
dxc6 Rb6 16. Qd3 Ra8 17. Nbd2 a5 18. a4 Be6 19. Bxe6 Qxe6 20. Qc4 Qxc4 21. Nxc4
Rxb3 22. Rfc1 g5 23. h3 Bf6 24. Rab1 Rab8 25. Nxa5 Rxb1 26. Rxb1 Rxb1+ 27. Kh2
Ra1 28. Nb3 Rxa4 29. Nfd2 Ra2 30. Nc4 Rxf2 31. Nxd6 cxd6 32. c7 g4 33. c8=Q+
Kg7 34. Qxg4+ Bg5 35. h4 f5 36. Qg3 Rb2 37. hxg5 f4 38. Qg4 f3 39. Qxf3 hxg5
40. Qd3 Rxb3 41. Kg3 Kh6 42. Qxd6+ Kh5 43. Qxe5 Rb8 1-0

[Event "Tournoi Skype 014B"]
[Site "Skype"]
[Date "????.??.??"]
[Round "4.19"]
[White "Hernandez, George"]
[Black "Lecluyse, Koenraad"]
[Result "0-1"]
[WhiteElo "1547"]
[BlackElo "1199"]
[PlyCount "66"]

1. e4 e5 2. Nf3 Nc6 3. Bc4 Bc5 4. c3 d6 5. h3 Nf6 6. d4 exd4 7. cxd4 Bb4+ 8.
Nc3 Bxc3+ 9. bxc3 Nxe4 10. Qb3 O-O 11. O-O Na5 12. Qb4 Nxc4 13. Qxc4 Be6 14. d5
Bf5 15. Nd2 Nxd2 16. Bxd2 Qf6 17. Qxc7 Rab8 18. Rac1 Rfc8 19. Qa5 a6 20. Rfe1
Qg6 21. Kh2 Be4 22. f3 Bd3 23. Qb6 Bc4 24. Bf4 Rd8 25. Re7 Qf6 26. Rxb7 Rxb7
27. Qxb7 Qxf4+ 28. Kh1 Qxc1+ 29. Kh2 Qf4+ 30. Kh1 h6 31. Qe7 Rb8 32. Qe1 Bxd5
33. a4 Rb2 0-1

[Event "Tournoi Skype 014B"]
[Site "Skype"]
[Date "????.??.??"]
[Round "4.20"]
[White "Cengiz, Cem"]
[Black "Le Brun, Yves"]
[Result "1-0"]
[WhiteElo "1210"]
[BlackElo "1507"]
[PlyCount "45"]

1. e4 c5 2. Nf3 d6 3. c3 Nf6 4. d4 cxd4 5. cxd4 Nxe4 6. Bb5+ Bd7 7. Bxd7+ Nxd7
8. O-O e6 9. Re1 d5 10. Qb3 b6 11. Nc3 Nd6 12. Nxd5 Rc8 13. Bg5 Nf6 14. Qa4+
Qd7 15. Qxd7+ Kxd7 16. Nxf6+ gxf6 17. Bxf6 Rg8 18. Ne5+ Ke8 19. Rac1 Bh6 20.
Rxc8+ Nxc8 21. d5 Kf8 22. Rd1 b5 23. d6 1-0

[Event "Tournoi Skype 014B"]
[Site "Skype"]
[Date "????.??.??"]
[Round "4.21"]
[White "Lequeux, Pierre"]
[Black "Gieschen, Mike"]
[Result "1-0"]
[WhiteElo "1199"]
[BlackElo "1457"]
[PlyCount "75"]

1. e4 c5 2. Bc4 e6 3. Nf3 d5 4. Bb5+ Bd7 5. Bxd7+ Qxd7 6. exd5 exd5 7. d4 Nf6
8. Ne5 Qf5 9. Qe2 c4 10. Ng6+ Qe6 11. Qxe6+ fxe6 12. Nxh8 Nc6 13. c3 Bd6 14. g3
Ke7 15. Bg5 Rxh8 16. b4 b5 17. a4 a6 18. axb5 axb5 19. O-O Kf7 20. Ra6 Rc8 21.
Na3 Nd7 22. Nxb5 Bb8 23. Bf4 Bxf4 24. gxf4 Ke7 25. Na7 Nxa7 26. Rxa7 g6 27. b5
Rb8 28. Rb1 Kd8 29. Ra6 Nb6 30. h4 h5 31. f3 Kc8 32. Rba1 Rb7 33. Ra7 Rxa7 34.
Rxa7 Nd7 35. Ra8+ Nb8 36. Ra7 Nd7 37. Ra6 Kb7 38. Rxe6 1-0

[Event "Tournoi Skype 014B"]
[Site "Skype"]
[Date "????.??.??"]
[Round "4.22"]
[White "Melin, Christiane"]
[Black "Khatanhar, Mohit"]
[Result "1-0"]
[WhiteElo "1136"]
[BlackElo "1396"]
[PlyCount "55"]

1. e4 e5 2. Nf3 d6 3. Bb5+ Bd7 4. a4 Nf6 5. Nc3 Be7 6. O-O O-O 7. d3 h6 8. b3
Be6 9. h4 Nh7 10. Nh2 Nd7 11. Ne2 Bxh4 12. g3 Bh3 13. Re1 Bg5 14. f4 exf4 15.
gxf4 Bh4 16. Rf1 Bxf1 17. Kxf1 f5 18. Nd4 fxe4 19. dxe4 Bg3 20. Qd2 Bxf4 21.
Ne6 Bxd2+ 22. Ke2 Rf2+ 23. Kxf2 Qf6+ 24. Nf3 Qxa1 25. Bxd2 Nc5 26. Nf4 Rf8 27.
Bc4+ Kh8 28. Ng6# 1-0

[Event "Tournoi Skype 014B"]
[Site "Skype"]
[Date "????.??.??"]
[Round "4.23"]
[White "Lemoine, Gerard"]
[Black "Gabriele, Noel"]
[Result "1-0"]
[WhiteElo "1135"]
[BlackElo "1347"]
[PlyCount "38"]

1. d4 d5 2. e3 Nf6 3. Bd3 a6 4. f4 Nc6 5. Nf3 e6 6. O-O Bd6 7. Ne5 Nb4 8. Be2
Ne4 9. c3 Nc6 10. Bd3 Nxe5 11. fxe5 Be7 12. Nd2 Ng5 13. Nf3 O-O 14. Bd2 Nxf3+
15. Qxf3 Bg5 16. Bxh7+ Kxh7 17. Qh5+ Bh6 18. Rxf7 Rg8 19. e4 Kh8 1-0

[Event "Tournoi Skype 014B"]
[Site "Skype"]
[Date "????.??.??"]
[Round "4.24"]
[White "Picard, Mario"]
[Black "Wible, Annie"]
[Result "1-0"]
[WhiteElo "1311"]
[BlackElo "1000"]
[PlyCount "39"]

1. d4 d5 2. c4 Nc6 3. e3 e6 4. Nf3 dxc4 5. Bxc4 Be7 6. O-O Bd7 7. Nc3 Bd6 8. d5
Ne5 9. Nxe5 Bxe5 10. dxe6 fxe6 11. Qh5+ Kf8 12. Qxe5 Qf6 13. Qxc7 Bc8 14. b3 b6
15. Ba3+ Ne7 16. Rad1 Kf7 17. Ne4 Qf5 18. Nd6+ Kg8 19. Nxf5 Nxf5 20. Rd8# 1-0

[Event "Tournoi Skype 014B"]
[Site "Skype"]
[Date "????.??.??"]
[Round "4.25"]
[White "Baker, Abi"]
[Black "Karia, Kirti"]
[Result "0-1"]
[WhiteElo "1113"]
[BlackElo "1267"]
[PlyCount "42"]

1. c4 d5 2. b3 e5 3. Nc3 dxc4 4. bxc4 Nf6 5. g3 Bc5 6. e3 O-O 7. Bg2 Ng4 8. Qe2
Nh6 9. Nf3 Nc6 10. Ne4 Be7 11. c5 Nb4 12. d4 exd4 13. exd4 Bf5 14. Neg5 Nc2+
15. Kd2 Nxa1 16. h4 Bxc5 17. Bb2 Bb4+ 18. Bc3 Bxc3+ 19. Kxc3 Nc2 20. Ne5 Qxd4+
21. Kb3 Qb4# 0-1

[Event "Tournoi Skype 014B"]
[Site "Skype"]
[Date "????.??.??"]
[Round "4.26"]
[White "Coude, Josue"]
[Black "Amato, Ludovica"]
[Result "1/2-1/2"]
[WhiteElo "1088"]
[BlackElo "1250"]
[PlyCount "70"]

1. e4 e5 2. Nf3 Nc6 3. Bc4 Nf6 4. Nc3 Nxe4 5. Nxe4 d5 6. Bb5 dxe4 7. Nxe5 Bd7
8. Nxd7 Qxd7 9. d3 a6 10. Ba4 b5 11. Bb3 exd3 12. cxd3 Bc5 13. O-O O-O 14. Be3
Bd6 15. Bd5 Rfe8 16. Qc2 Nb4 17. Qc3 Nxd5 18. Qd4 Nxe3 19. fxe3 Rad8 20. Rf3
Qe7 21. Rc1 Bxh2+ 22. Kxh2 Rxd4 23. exd4 Qd6+ 24. Kg1 Qxd4+ 25. Kf1 Qxb2 26.
Rxc7 Qb1+ 27. Kf2 Qxa2+ 28. Kg3 b4 29. Rfxf7 Re3+ 30. Kf4 Rxd3 31. Rxg7+ Kf8
32. Rxh7 Qd2+ 33. Ke4 Re3+ 34. Kf4 Kg8 35. Rcg7+ Kf8 1/2-1/2

[Event "Tournoi Skype 014B"]
[Site "Skype"]
[Date "????.??.??"]
[Round "4.27"]
[White "Rival, Jocelyn"]
[Black "Mantelli, Luca"]
[Result "0-1"]
[WhiteElo "1086"]
[BlackElo "1239"]
[PlyCount "50"]

1. e4 e5 2. Nf3 Nf6 3. d3 Nc6 4. Bg5 h6 5. Bh4 Bc5 6. Nc3 g5 7. Bg3 d6 8. Be2
Be6 9. O-O a6 10. h4 g4 11. Nh2 h5 12. d4 Nxd4 13. Re1 Qe7 14. Na4 Nxe2+ 15.
Qxe2 Ba7 16. Nf1 Bd4 17. c3 Ba7 18. Ne3 Nxe4 19. f3 Nxg3 20. Qf2 Qxh4 21. Qc2
Bxe3+ 22. Rxe3 gxf3 23. gxf3 Qh1+ 24. Kf2 Qxa1 25. Kxg3 Qg1+ 0-1

[Event "Tournoi Skype 014B"]
[Site "Skype"]
[Date "????.??.??"]
[Round "4.28"]
[White "Talbot, Jean"]
[Black "Alverson, Ginny"]
[Result "0-1"]
[WhiteElo "1068"]
[BlackElo "1211"]
[PlyCount "34"]

1. e4 Nf6 2. e5 Nd5 3. Bc4 e6 4. Nf3 Bc5 5. d4 Bb4+ 6. Bd2 Nc6 7. c3 Nxd4 8.
cxd4 O-O 9. O-O f5 10. exf6 Qxf6 11. Nc3 Nxc3 12. bxc3 Bd6 13. Re1 Qg6 14. Nh4
Qf7 15. Be2 Qxf2+ 16. Kh1 Qxh4 17. Bg4 Qxh2# 0-1

[Event "Tournoi Skype 014B"]
[Site "Skype"]
[Date "????.??.??"]
[Round "4.29"]
[White "Farthouat, Catherine"]
[Black "Vitale, Maxi"]
[Result "0-1"]
[WhiteElo "1041"]
[BlackElo "1171"]
[PlyCount "46"]

1. e4 e5 2. Nf3 Nc6 3. Bb5 a6 4. Bxc6 dxc6 5. O-O Bc5 6. Nc3 Nf6 7. h3 Be6 8.
Re1 Qd6 9. a3 O-O-O 10. b4 Bb6 11. d4 exd4 12. Nxd4 Bxd4 13. Bb2 Qe7 14. e5 Ng8
15. Rb1 Bxc3 16. Bxc3 Rxd1 17. Rbxd1 Nh6 18. Rd2 Rd8 19. Red1 Rxd2 20. Rxd2 Nf5
21. a4 Nh4 22. a5 Qg5 23. Rd1 Qxg2# 0-1

[Event "Tournoi Skype 014B"]
[Site "Skype"]
[Date "????.??.??"]
[Round "4.30"]
[White "Bustos, Ricardo"]
[Black "Martin, Elise"]
[Result "1/2-1/2"]
[WhiteElo "1081"]
[BlackElo "1155"]
[PlyCount "85"]

1. d4 d5 2. c4 e6 3. Nc3 Nf6 4. Nf3 Bb4 5. Bg5 O-O 6. a3 Ba5 7. b4 Bb6 8. c5
Nbd7 9. cxb6 Nxb6 10. e3 c6 11. Be2 Nbd7 12. O-O b5 13. a4 bxa4 14. Qxa4 a6 15.
Qxc6 Ra7 16. Qa4 Nb6 17. Qc2 h6 18. Bh4 Nbd7 19. Bd3 Qb6 20. Rab1 Re8 21. Bxf6
Nxf6 22. Na4 Qd6 23. Qc5 Qxc5 24. bxc5 Bd7 25. Nb6 Bc6 26. Ne5 Rc7 27. Bxa6 Ne4
28. Rbc1 Nd2 29. Rfd1 Nb3 30. Rb1 Na5 31. Ra1 Nc4 32. Nbxc4 dxc4 33. Bxc4 Be4
34. f3 Bc2 35. Rdc1 Bf5 36. e4 Bh7 37. Bb5 Rb8 38. Bc6 Rd8 39. d5 exd5 40. Nd7
Rxc6 41. exd5 Rc7 42. c6 Bf5 43. Nb6 1/2-1/2

[Event "Tournoi Skype 014B"]
[Site "Skype"]
[Date "????.??.??"]
[Round "4.31"]
[White "Nalbant, Atakan"]
[Black "Letourneau, Judith"]
[Result "1/2-1/2"]
[WhiteElo "1100"]
[BlackElo "1000"]
[PlyCount "83"]

1. e4 e6 2. d4 Nf6 3. Nc3 Bb4 4. Bd3 O-O 5. a3 Bxc3+ 6. bxc3 d5 7. Qe2 b6 8. c4
Bb7 9. cxd5 Nxd5 10. Nf3 Nf6 11. O-O c5 12. dxc5 bxc5 13. e5 Nh5 14. Rb1 Nc6
15. Rxb7 Rb8 16. Rb2 Rxb2 17. Bxb2 Qc7 18. Re1 f6 19. h3 Rd8 20. exf6 Nxf6 21.
Ne5 Nxe5 22. Qxe5 Qxe5 23. Rxe5 Rxd3 24. cxd3 a5 25. Rxe6 Ng4 26. hxg4 h6 27.
Re8+ Kh7 28. Ra8 c4 29. dxc4 g5 30. Rxa5 h5 31. Ra7+ Kg8 32. gxh5 Kf8 33. Ra8+
Kf7 34. Ra7+ Ke8 35. h6 g4 36. Ra8+ Ke7 37. f3 gxf3 38. gxf3 Kd7 39. h7 Kc7 40.
h8=Q Kc6 41. Qh6+ Kc5 42. Ra4 1/2-1/2

[Event "Tournoi Skype 014B"]
[Site "Skype"]
[Date "????.??.??"]
[Round "4.32"]
[White "Gagnon, Sindy"]
[Black "Marty, Yvette"]
[Result "1-0"]
[WhiteElo "1046"]
[BlackElo "1000"]
[PlyCount "49"]

1. e4 e6 2. Nc3 d5 3. d3 Nf6 4. Nf3 c6 5. Be2 Bb4 6. Bd2 Bc5 7. d4 Bd6 8. O-O
O-O 9. Bg5 dxe4 10. Nxe4 Be7 11. Nc5 Nbd7 12. Nb3 Qc7 13. c4 c5 14. dxc5 g6 15.
c6 Qxc6 16. Na5 Qc7 17. Rc1 b6 18. Nb3 Nc5 19. Nbd4 Nfe4 20. Bxe7 Qxe7 21. b4
Nd7 22. Nc6 Qd6 23. Qc2 Qxc6 24. b5 Qd5 25. cxd5 1-0

[Event "Tournoi Skype 014B"]
[Site "Skype"]
[Date "????.??.??"]
[Round "4.33"]
[White "Kruk, Clementine"]
[Black "Pedneault, Anne-Frederique"]
[Result "1-0"]
[WhiteElo "1000"]
[BlackElo "1000"]
[PlyCount "53"]

1. e4 e5 2. Nf3 Nc6 3. Bc4 Bc5 4. Nc3 Nf6 5. d3 d6 6. Bg5 h6 7. Bh4 O-O 8. h3
Nd4 9. Nxd4 exd4 10. Nd5 Be6 11. Nxf6+ Qxf6 12. Bxf6 gxf6 13. Bxe6 fxe6 14.
Qg4+ Kf7 15. a3 Rg8 16. Qh5+ Rg6 17. b4 Bb6 18. a4 c5 19. bxc5 Bxc5 20. Rb1 b6
21. O-O Rag8 22. Rfe1 Ke7 23. e5 Rxg2+ 24. Kh1 Rxf2 25. Rg1 Rxg1+ 26. Rxg1 Rxc2
27. Rg7+ 1-0

[Event "Tournoi Skype 014B"]
[Site "Skype"]
[Date "????.??.??"]
[Round "5.2"]
[White "Talbot, Jacques"]
[Black "Bendre, Pankaj"]
[Result "0-1"]
[WhiteElo "1475"]
[BlackElo "1399"]
[PlyCount "44"]

1. d4 Nf6 2. c4 e6 3. Nc3 d5 4. Nf3 Nbd7 5. Bg5 Bb4 6. Rc1 c6 7. e3 O-O 8. Bd3
Qc7 9. O-O Bxc3 10. Rxc3 Ne4 11. Bxe4 dxe4 12. Nd2 f5 13. Bf4 Qd8 14. f3 Nf6
15. Qb1 exf3 16. Nxf3 Ne4 17. Rc2 b6 18. Nd2 Nf6 19. c5 bxc5 20. Rxc5 Nd5 21.
Rxc6 g5 22. Bc7 Nxc7 0-1

[Event "Tournoi Skype 014B"]
[Site "Skype"]
[Date "????.??.??"]
[Round "5.3"]
[White "Cossalter, Maurizio"]
[Black "Tripathi, Rajnikant"]
[Result "1/2-1/2"]
[WhiteElo "1459"]
[BlackElo "1399"]
[PlyCount "42"]

1. c4 Nf6 2. d4 d5 3. e3 Bf5 4. a3 e6 5. Nf3 h6 6. Nc3 c6 7. Bd3 Bxd3 8. Qxd3
Nbd7 9. O-O Nb6 10. b3 Qc7 11. c5 Nbd7 12. Bb2 Be7 13. Rfe1 e5 14. dxe5 Nxe5
15. Nxe5 Qxe5 16. Qe2 Bxc5 17. b4 Bd6 18. g3 O-O 19. Nb5 Qe7 20. Nxd6 Qxd6 21.
Bxf6 Qxf6 1/2-1/2

[Event "Tournoi Skype 014B"]
[Site "Skype"]
[Date "????.??.??"]
[Round "5.4"]
[White "Yeter, Orhan"]
[Black "De Coninck, Philippe"]
[Result "1-0"]
[WhiteElo "1332"]
[BlackElo "1452"]
[PlyCount "77"]

1. e4 e5 2. d4 Nf6 3. dxe5 Nxe4 4. Qf3 d5 5. Bd3 Qe7 6. Bf4 Qb4+ 7. c3 Qxb2 8.
Bxe4 dxe4 9. Qxe4 c6 10. Nf3 h6 11. O-O Qxa1 12. Qc2 Be6 13. Re1 Be7 14. c4 Bb4
15. Bd2 Bxd2 16. Nbxd2 Qxe1+ 17. Nxe1 Nd7 18. f4 O-O 19. f5 Bxc4 20. Nxc4 Rae8
21. Nf3 Rd8 22. Na5 Nb8 23. e6 fxe6 24. fxe6 Rd6 25. e7 Re8 26. Qb3+ Kh7 27.
Nxb7 Rd7 28. Nc5 Rdxe7 29. Qa4 g5 30. h4 gxh4 31. Qxh4 Rg7 32. Qh5 Reg8 33.
Qf5+ Kh8 34. Nh4 Rg4 35. Qf6+ Kh7 36. Qf7+ R8g7 37. Qf5+ Kh8 38. Qf8+ Rg8 39.
Qxh6# 1-0